00419 2200169 4500001002100000008004100021035002000062245004300082250001000125260003300135300002000168020001500188084001400203082000800217650001200225990001200237INLIS000000000001144 ind  a0010-0722000693 aRaja Kera Yang BudimancKusumo Priyono aCet.1 aJakarta :bBuku Kompasc2007 a190c14 x 21 cm a9797092933 a398 KUS r a398 aFolklor aDI.1919